000 00265nam a2200097Ia 4500
005 20251222114359.0
008 251222s1900||||xx |||||||||||||| ||spa||
082 _aDVD0010/N82/2003
245 0 _aLa liga extraordinaria:The league of extraordinary gentlemen
942 _cDVD
999 _c1547
_d1547